Futsalin suomenmestarit - Statistics

Yleistilastot
  • Tätä visaa on pelattu 12 kertaa
  • Keskiarvotulos 17 / 24
Vastaustilastot
Hint Vastaus % Oikein
2003–2004 Ilves FS
100%
2004–2005 Ilves FS
100%
2006–2007 Ilves FS
100%
2009–2010 Ilves FS
100%
2010–2011 Ilves FS
100%
2011–2012 Ilves FS
100%
2012–2013 Ilves FS
100%
2013–2014 Ilves FS
100%
2017–2018 Kampuksen Dynamo
80%
2018–2019 Kampuksen Dynamo
80%
2020–2021 Kampuksen Dynamo
80%
2021–2022 Kampuksen Dynamo
80%
2002–2003 Golden Futsal Team
70%
2007–2008 Golden Futsal Team
70%
2008–2009 Golden Futsal Team
70%
2016–2017 Sievi FS
70%
2014–2015 Sievi Futsal
70%
2015–2016 Sievi Futsal
70%
2005–2006 Mad Max
60%
1998–1999 FT Kemi-Tornio
30%
2000–2001 FT Kemi-Tornio
30%
2001–2002 FT Kemi-Tornio
30%
1999–2000 IFK Willmanstrand
20%
1997 Malmin Ponnistajat
20%
Ehtoja vastaavia visoja ei löytynyt
Tulosjakauma
Jokaisen tuloksen saaneiden osuus
Persentiili vastausten määrän mukaan
Tuloshistoriasi
Et ole pelannut tätä visaa